| 000 | 00773cam a22002771 4500 | ||
|---|---|---|---|
| 001 | 32601 | ||
| 003 | BD-RjUL | ||
| 005 | 20211209051849.0 | ||
| 008 | 191201s1956 xxka 000 0 eng | ||
| 035 | _a(BD-RjUL)32690 | ||
| 035 | _a(OCoLC)1661864 | ||
| 040 |
_aDLC _cFMU _dUk _dDLC _beng |
||
| 041 | 1 | _aengfre | |
| 082 | 0 | 0 |
_a799.296 _223 _bMAT 1956 |
| 100 | 1 |
_aMahuzier, Albert. _9235774 |
|
| 245 | 1 | 0 |
_aTragic safari; _cAlbert mahuzier |
| 260 |
_aLondon : _bElek Books , _c[1956] |
||
| 300 |
_a144 p. : _billus.; _c23 cm. |
||
| 650 |
_aPhotography of animals _9235775 |
||
| 650 |
_aHunting _zAfrica _9235776 |
||
| 906 |
_a7 _bcbc _coclcrpl _du _encip _f19 _gy-gencatlg |
||
| 942 |
_2ddc _cBK |
||
| 999 |
_c32601 _d32601 |
||